[Event "FIDE Grand Swiss 2021"]
[Site "Riga"]
[Date "28.10.2021"]
[Round "2"]
[White "Eljanov, Pavel"]
[Black "Ponomariov, Ruslan"]
[Result "0-1"]
[WhiteElo "2691"]
[BlackElo "2631"]
[EventDate "2021"]

1. Nf3 d5 2. g3 g6 3. Bg2 Bg7 4. O-O e5 5. d3 Ne7 6. e4 O-O 7. b4 Nbc6 8.
c3 a6 9. Nbd2 d4 10. cxd4 Nxd4 11. Nxd4 Qxd4 12. Qc2 Nc6 13. Nb3 Qxb4 14.
Be3 Rd8 15. Rab1 Qd6 16. Rfc1 a5 17. Bf1 h5 18. h4 Qe7 19. Nd2 Kh7 20. Nf3
f6 21. Qb2 Bh6 22. a3 Bxe3 23. fxe3 a4 24. Rc3 Ra7 25. Rbc1 Bg4 26. Qf2 Rd7
27. Nd2 Kg7 28. Kh2 Ra8 29. Rb1 Na5 30. d4 c6 31. Rb4 b5 32. d5 Rad8 33.
Nf3 Rd6 34. Kg2 cxd5 35. exd5 Rxd5 36. e4 Bxf3+ 37. Kxf3 Rd4 38. Rxb5 Nb3
0-1

[Event "FIDE Grand Swiss 2021"]
[Site "Riga"]
[Date "28.10.2021"]
[Round "2"]
[White "Movsesian, Sergei"]
[Black "Navara, David"]
[Result "1/2-1/2"]
[WhiteElo "2627"]
[BlackElo "2691"]
[EventDate "2021"]

1. e4 c5 2. Nf3 d6 3. d4 cxd4 4. Nxd4 Nf6 5. Nc3 a6 6. a4 e5 7. Nf3 Be7 8.
Bg5 Be6 9. Bxf6 Bxf6 10. Nd5 Nd7 11. Bc4 Rc8 12. b3 Nb6 13. Nxf6+ Qxf6 14.
Bxe6 Qxe6 15. O-O O-O 16. Qd3 Nd7 17. Rad1 Nc5 18. Qxd6 Qxd6 19. Rxd6 Nxe4
20. Rb6 f6 21. c4 Rfd8 22. h3 Rd7 23. a5 Rc6 24. Re1 Rxb6 25. axb6 Nc5 26.
b4 Ne6 27. Rc1 Kf7 28. Kf1 Rd3 29. c5 Nd8 30. Ne1 Rb3 31. Rd1 Ke8 32. Nc2
Rb2 33. Ne3 Rxb4 34. Nf5 g6 35. Nd6+ Ke7 36. Nc8+ Ke8 37. Nd6+ Kf8 38. Nxb7
Nxb7 39. c6 Ke8 40. cxb7 Rxb6 41. Rd6 Rb1+ 42. Ke2 Rxb7 43. Rxa6 Kf7 44. h4
Kg7 45. g3 f5 46. Kf1 e4 47. Kg2 Rb2 48. Ra7+ Kh6 49. Ra3 Kh5 50. Rc3 Kg4
51. Rc4 Re2 52. Rc5 Rd2 53. Rc4 Ra2 54. Rb4 Rd2 55. Rc4 h6 56. Ra4 Re2 57.
Ra6 Kh5 58. Ra5 Kg4 59. Ra6 g5 60. hxg5 hxg5 61. Ra4 Rd2 62. Rb4 Kh5 63.
Kf1 Rd6 64. Kg2 Re6 65. Kf1 Re8 66. Ra4 Re6 67. Rb4 Kg6 68. Ra4 Re5 69.
Ra6+ Kh5 70. Ra4 e3 71. fxe3 Rxe3 72. g4+ fxg4 73. Kg2 Kh4 74. Ra2 Rd3 75.
Rb2 Rd4 76. Ra2 g3 77. Ra8 Kg4 78. Rb8 Rd2+ 79. Kg1 Re2 80. Ra8 g2 81. Ra3
Kf4 82. Rb3 Re3 83. Rxe3 Kxe3 1/2-1/2

[Event "FIDE Grand Swiss 2021"]
[Site "Riga"]
[Date "28.10.2021"]
[Round "2"]
[White "Van Foreest, Jorden"]
[Black "Hovhannisyan, Robert"]
[Result "0-1"]
[WhiteElo "2691"]
[BlackElo "2622"]
[EventDate "2021"]

1. d4 d5 2. c4 c6 3. Nf3 Nf6 4. Nc3 e6 5. g3 dxc4 6. Bg2 Nbd7 7. O-O Be7 8.
e4 O-O 9. a4 e5 10. dxe5 Ng4 11. Bf4 Qa5 12. e6 fxe6 13. Qe2 Nde5 14. Nxe5
Nxe5 15. Bxe5 Qxe5 16. Kh1 Bd7 17. f4 Qc5 18. e5 Rad8 19. Rad1 Bc8 20. Rxd8
Rxd8 21. Be4 Bf8 22. h4 b5 23. Bb1 Bb7 24. Kh2 Qe7 25. Ne4 Rd4 26. Ng5 g6
27. h5 Qd7 28. Nf3 c5 29. Nxd4 cxd4 30. Be4 d3 31. Qf3 Bxe4 32. Qxe4 Qd5
33. Qxd5 exd5 34. axb5 Ba3 35. Kg2 Bxb2 36. hxg6 hxg6 37. Kf3 Bd4 38. Rd1
c3 39. Rxd3 c2 0-1

[Event "FIDE Grand Swiss 2021"]
[Site "Riga"]
[Date "28.10.2021"]
[Round "2"]
[White "Korobov, Anton"]
[Black "Kuzubov, Yuriy"]
[Result "1-0"]
[WhiteElo "2690"]
[BlackElo "2624"]
[EventDate "2021"]

1. c4 e6 2. Nf3 d5 3. d4 a6 4. c5 Nf6 5. Nc3 Nc6 6. Bf4 Nh5 7. Bd2 Nf6 8.
h3 Ne4 9. Bf4 Nxc3 10. bxc3 b6 11. cxb6 cxb6 12. e3 Bd6 13. Bd3 Bxf4 14.
exf4 Qc7 15. g3 Bd7 16. O-O Ne7 17. Re1 g6 18. Rc1 Bb5 19. Bb1 Rc8 20. h4
Qd6 21. h5 Nf5 22. a4 Bd7 23. Ne5 Kf8 24. Qd3 Be8 25. Qxa6 Ne7 26. a5 Rb8
27. h6 f6 28. Nd3 Bc6 29. Re2 Qd7 30. axb6 Bb5 31. Qa7 Qxa7 32. bxa7 Ra8
33. Rxe6 Kf7 34. Rce1 Rxa7 35. Rb6 Bxd3 36. Bxd3 Rc8 37. Ree6 f5 38. Rf6+
Kg8 39. Ba6 Rf8 40. c4 Rxf6 41. Rxf6 Rc7 42. c5 Rc6 43. Rd6 Kf7 44. Bb7 1-0

[Event "FIDE Grand Swiss 2021"]
[Site "Riga"]
[Date "28.10.2021"]
[Round "2"]
[White "Praggnanandhaa, R"]
[Black "Adhiban, Baskaran"]
[Result "1-0"]
[WhiteElo "2618"]
[BlackElo "2672"]
[EventDate "2021"]

1. d4 Nf6 2. c4 g6 3. Nc3 d5 4. cxd5 Nxd5 5. e4 Nxc3 6. bxc3 Bg7 7. Nf3 c5
8. Bb5+ Nc6 9. O-O cxd4 10. cxd4 O-O 11. Bxc6 bxc6 12. Qc2 Bg4 13. Ne5 Qxd4
14. Bb2 Qb6 15. Rab1 Bxe5 16. Bxe5 Qa6 17. Qc5 Rfe8 18. Bc3 Qxa2 19. Rb2
Qa4 20. f3 Bc8 21. Rc1 f6 22. e5 Qf4 23. Re1 Qf5 24. g4 Qxf3 25. exf6 Be6
26. Rf2 Qxg4+ 27. Rg2 Qf4 28. Rxe6 exf6 29. Rxf6 Qc1+ 30. Rf1 Qe3+ 31. Qxe3
Rxe3 32. Rc2 Rd8 33. Ra1 Rd7 34. Ra6 Re6 35. Rd2 Rxd2 36. Bxd2 g5 37. Rxa7
h6 38. Rc7 Re2 39. Bc3 Re6 40. Kf2 Rd6 41. Ke3 Re6+ 42. Kf3 c5 43. Kg4 Re2
44. h3 Re3 45. Bg7 Re6 46. Kf5 Ra6 47. Bf6 Kf8 48. Rxc5 Ra3 49. Rc3 Ra4 50.
Re3 Rc4 51. Kg6 Rc6 52. Rd3 Rc8 53. Rd8+ Rxd8 54. Bxd8 Kg8 55. Kxh6 1-0

[Event "FIDE Grand Swiss 2021"]
[Site "Riga"]
[Date "28.10.2021"]
[Round "2"]
[White "Sethuraman, S.P."]
[Black "Sargissian, Gabriel"]
[Result "1/2-1/2"]
[WhiteElo "2620"]
[BlackElo "2664"]
[EventDate "2021"]

1. e4 e5 2. Nf3 Nc6 3. Bb5 Nf6 4. d3 Bc5 5. c3 O-O 6. O-O d6 7. Re1 Ne7 8.
d4 Bb6 9. a4 c6 10. Bf1 Ng6 11. Nbd2 Re8 12. h3 h6 13. Qc2 Be6 14. b4 Bc7
15. c4 exd4 16. Nxd4 a5 17. b5 Bb6 18. Bb2 Rc8 19. bxc6 bxc6 20. N2b3 Nd7
21. Nf5 Bxf5 22. exf5 Rxe1 23. Rxe1 Ngf8 24. Bc3 Nh7 25. Qd2 Nc5 26. Nxc5
Bxc5 27. Bxa5 Qd7 28. Bd3 d5 29. Bc3 d4 30. Bb4 Qd6 31. Bxc5 Qxc5 32. a5
Qa3 33. Bf1 c5 34. Rb1 Nf6 35. Bd3 Re8 36. Rb5 Ne4 37. Bxe4 Rxe4 38. a6
Qa1+ 39. Kh2 Qxa6 40. Qd3 Qd6+ 41. g3 Re1 42. Qd2 Qe5 43. Qd3 Rc1 44. f6
Rc3 45. Qd2 Rxc4 46. fxg7 Qf6 47. h4 Kxg7 48. Qe2 Qe6 49. Qf3 Rc3 50. Qf4
d3 51. Qf3 Rc2 52. Kg2 c4 53. Rd5 Re2 54. Rd4 Re5 55. Qg4+ Qxg4 56. Rxg4+
Kf6 57. Rxc4 Rd5 58. Rc1 Ke5 59. Kf1 Kd4 60. Ke1 Re5+ 61. Kd1 Re2 62. Rc7
f5 63. Rh7 Rxf2 64. Rxh6 Rg2 65. Rf6 Ke5 66. Rg6 Rh2 67. Rg8 Ke4 68. Re8+
Kf3 69. Rf8 f4 70. gxf4 Ke3 71. Re8+ Kxf4 72. Rf8+ 1/2-1/2

[Event "FIDE Grand Swiss 2021"]
[Site "Riga"]
[Date "28.10.2021"]
[Round "2"]
[White "Sjugirov, Sanan"]
[Black "Sadhwani, Raunak"]
[Result "1-0"]
[WhiteElo "2663"]
[BlackElo "2609"]
[EventDate "2021"]

1. e4 e5 2. Nf3 Nc6 3. Bb5 Nf6 4. O-O Nxe4 5. d4 Nd6 6. Bxc6 dxc6 7. dxe5
Nf5 8. Qxd8+ Kxd8 9. Nc3 Be7 10. Bf4 Nh4 11. Rad1+ Ke8 12. Nxh4 Bxh4 13.
Ne2 Be7 14. Nd4 h5 15. e6 Bxe6 16. Nxe6 fxe6 17. Rfe1 g5 18. Bxc7 Rc8 19.
Ba5 Rh6 20. h3 b6 21. Bc3 Rd8 22. Rxd8+ Bxd8 23. Re4 c5 24. g4 Kd7 25. Bd2
Bf6 26. b3 hxg4 27. hxg4 Rh8 28. Kg2 Rd8 29. Re1 Ke7 30. Be3 Kf7 31. Kf3
Rd7 32. Ke2 Rd5 33. c4 Rd7 34. Rd1 Rxd1 35. Kxd1 e5 36. Ke2 Ke6 37. Kd3 Be7
38. Ke4 Bf6 39. Bd2 Be7 40. Bc1 Bd8 41. Ba3 Be7 42. Bb2 Bd6 43. Bc3 Bc7 44.
b4 cxb4 45. Bxb4 Bd8 46. Bf8 Bf6 47. c5 bxc5 48. Bxc5 a6 49. Bb6 Be7 50.
Bc7 Bc5 51. f3 Bb4 52. Bxe5 Be7 53. Bb2 Bd8 54. Bc1 Bf6 55. Bd2 Bd8 56. Kd4
Kd6 57. Kc4 Kc6 58. Bb4 Bf6 59. Bf8 1-0

[Event "FIDE Grand Swiss 2021"]
[Site "Riga"]
[Date "28.10.2021"]
[Round "2"]
[White "Ter-Sahakyan, Samvel"]
[Black "Grandelius, Nils"]
[Result "1/2-1/2"]
[WhiteElo "2607"]
[BlackElo "2662"]
[EventDate "2021"]

1. d4 Nf6 2. c4 g6 3. Nc3 d5 4. cxd5 Nxd5 5. e4 Nxc3 6. bxc3 Bg7 7. Bc4 c5
8. Ne2 Nc6 9. Be3 O-O 10. O-O Bg4 11. f3 Bd7 12. Rb1 cxd4 13. cxd4 a6 14.
a4 Na5 15. Bd3 Qc7 16. Rc1 Qb6 17. Rb1 Qc7 18. d5 Nc4 19. Bxc4 Qxc4 20. Qd2
Qxa4 21. Bd4 Bb5 22. Bxg7 Kxg7 23. Nc3 Qa5 24. Qd4+ Kg8 25. Nxb5 axb5 26.
Qc5 Qa7 27. Qxa7 Rxa7 28. Rfc1 Rfa8 29. Rxb5 Ra1 30. Rxa1 Rxa1+ 31. Kf2 Ra7
32. Ke3 Kf8 33. Kd4 Ke8 34. e5 Kd7 35. Kc5 Kc7 36. d6+ exd6+ 37. exd6+ Kd7
38. Kd5 b6 39. Rxb6 Ra5+ 40. Ke4 1/2-1/2

[Event "FIDE Grand Swiss 2021"]
[Site "Riga"]
[Date "28.10.2021"]
[Round "2"]
[White "Cheparinov, Ivan"]
[Black "Ganguly, Surya Shekhar"]
[Result "1/2-1/2"]
[WhiteElo "2659"]
[BlackElo "2617"]
[EventDate "2021"]

1. d4 Nf6 2. c4 e6 3. Nf3 d5 4. Nc3 Bb4 5. Qa4+ Nc6 6. a3 Bxc3+ 7. bxc3
dxc4 8. Qxc4 O-O 9. Bg5 h6 10. Bh4 g5 11. Bg3 Qd5 12. Qd3 Ne4 13. Bxc7 b6
14. Ne5 Nxe5 15. Bxe5 f6 16. Bg3 Kg7 17. f3 Nxg3 18. hxg3 Bb7 19. e3 Rac8
20. c4 Qd6 21. Kf2 Rc7 22. Be2 e5 23. dxe5 Qxe5 24. Rad1 Re8 25. Qd4 Qxd4
26. Rxd4 Rce7 27. Bd3 Re5 28. Rc1 R8e7 29. e4 Rc7 30. Rc3 Rec5 31. Rb3 Ba6
32. Rb4 Ra5 33. a4 Bb7 34. Ke3 Bc6 35. Bc2 Rd7 36. Rxd7+ Bxd7 37. g4 Kf7
38. Kd4 Ke7 39. g3 Kd6 40. Bd1 Bc6 41. f4 Ke6 42. Bc2 Be8 43. Bb3 Kd6 44.
Bd1 Ke6 45. Bc2 Bc6 46. Rb1 Bxa4 47. Bd3 Bd7 48. Rh1 Kf7 49. Rxh6 gxf4 50.
Rh7+ Ke8 51. gxf4 Bxg4 52. f5 Bd1 53. Rh1 Ba4 54. Be2 Bc6 55. Rh8+ Ke7 56.
Rh7+ Kf8 57. Bh5 Re5 58. Rf7+ Kg8 59. Rxf6 Rxe4+ 60. Kd3 Rh4 61. Rxc6 Rxh5
62. Ke4 Rh4+ 63. Ke5 a5 64. Ke6 Re4+ 65. Kd5 Rf4 66. Ke5 Rh4 67. Ke6 Re4+
68. Kf6 a4 69. Rc8+ Kh7 70. Rc7+ Kh6 71. Rb7 Rxc4 72. Rxb6 Kh7 73. Ra6 Rb4
74. Kf7 Rb7+ 75. Kf6 a3 76. Rxa3 1/2-1/2

[Event "FIDE Grand Swiss 2021"]
[Site "Riga"]
[Date "28.10.2021"]
[Round "2"]
[White "Indjic, Aleksandar"]
[Black "Anton Guijarro, David"]
[Result "1/2-1/2"]
[WhiteElo "2612"]
[BlackElo "2658"]
[EventDate "2021"]

1. d4 d5 2. Nf3 e6 3. Bf4 Bd6 4. e3 Nf6 5. Nbd2 O-O 6. Ne5 c5 7. c3 c4 8.
g4 Nc6 9. g5 Bxe5 10. Bxe5 Nd7 11. Bd6 Re8 12. Nf3 e5 13. dxe5 Ndxe5 14.
Bxe5 Nxe5 15. Nxe5 Rxe5 16. Bxc4 Qxg5 17. Be2 Qh4 18. Qd4 Re4 19. Qd2 Bd7
20. Bf3 Bg4 21. Bxg4 Qxg4 22. Qe2 Qe6 23. a3 Rc8 24. Qd3 g6 25. O-O-O Rc5
26. Rhg1 Rh4 27. Rh1 a5 28. Kb1 b5 29. f3 Rhc4 30. Rhe1 b4 31. cxb4 axb4
32. e4 Qa6 33. exd5 bxa3 34. Qxa3 Qxa3 35. bxa3 Rb5+ 36. Ka1 Rc3 37. Re8+
Kg7 38. Ra8 Rbb3 39. Ka2 Rb7 40. Rd2 Rd7 41. Ra6 Rxf3 42. a4 Rc3 43. Rb6 f5
44. Rb3 Rc5 45. Rb5 Rc4 46. Kb3 Rc1 47. a5 Kf6 48. Rb6+ Ke7 49. Kb4 f4 50.
a6 f3 51. Re6+ Kd8 52. Rf6 Rb1+ 53. Kc5 Rc7+ 54. Kd4 Rb4+ 55. Ke3 Rc3+ 56.
Kf2 Rg4 57. Rxf3 Rxf3+ 58. Kxf3 Ra4 59. Rb2 Rxa6 60. Ke4 h5 61. Ke5 Kd7 62.
Rb7+ Kd8 63. Rg7 Ke8 64. h4 Ra4 65. Rxg6 Rxh4 66. Kd6 Rd4 67. Re6+ Kf7 68.
Kc6 h4 69. Re1 Rc4+ 70. Kb5 Rd4 71. Kc6 Rc4+ 72. Kb5 Rd4 1/2-1/2

[Event "FIDE Grand Swiss 2021"]
[Site "Riga"]
[Date "28.10.2021"]
[Round "2"]
[White "Rakhmanov, Aleksandr"]
[Black "Henriquez Villagra, Cristobal"]
[Result "0-1"]
[WhiteElo "2657"]
[BlackElo "2608"]
[EventDate "2021"]

1. c4 Nf6 2. Nc3 g6 3. g3 Bg7 4. Bg2 O-O 5. d3 d6 6. h3 c5 7. e3 Nc6 8.
Nge2 Bd7 9. b3 Rb8 10. Bb2 a6 11. Qd2 b5 12. Rd1 Nb4 13. O-O Ne8 14. Ba1
Nc6 15. f4 f5 16. Nd5 Bxa1 17. Rxa1 e6 18. Ndc3 Nf6 19. Rae1 Ne7 20. e4 Qc7
21. Qe3 b4 22. Nb1 e5 23. Nd2 Rbe8 24. fxe5 dxe5 25. Nf3 Qd6 26. Nh4 fxe4
27. dxe4 Nc6 28. Qg5 Kh8 29. Rf2 Ng8 30. Ref1 Rxf2 31. Rxf2 Rf8 32. Rxf8
Qxf8 33. Qd2 Be6 34. Nc1 Nf6 35. Nd3 Kg7 36. Qe3 Nd7 37. Nf5+ Kh8 38. g4 a5
39. Nb2 Bg8 40. Nh4 Nd4 41. Nf3 Nxf3+ 42. Bxf3 g5 43. Kf2 h6 44. Qd3 Nb8
45. Nd1 Nc6 46. Ne3 Qd8 47. Nd5 Be6 48. Bd1 Kg7 49. Ke1 Bf7 50. Qg3 Bg6 51.
Bc2 Qd6 52. Bd3 Nd4 53. Qf2 Be8 54. Bc2 Qf8 55. Bd1 Qxf2+ 56. Kxf2 Bc6 57.
Ke3 Kf7 58. Nc7 Ke7 59. Nd5+ Ke6 60. Kf2 Kf7 61. Ke3 Ne6 62. Kd3 Nf4+ 63.
Nxf4 exf4 64. Bf3 Ke6 65. Bg2 Ke5 66. Bf3 Be8 67. Bd1 Bc6 68. Bf3 a4 69.
bxa4 Bxa4 70. Be2 Bd7 71. Bf3 Bc6 72. Bg2 Be8 73. Bf3 Bg6 74. Bg2 h5 75.
Bf3 h4 76. Bg2 Be8 77. Bf3 Bc6 78. Bg2 Ba4 79. Bf3 b3 80. axb3 Bxb3 81. Be2
Ba2 82. Kc2 Kxe4 83. Kb2 Ke3 84. Bf1 Kf2 85. Bd3 Kg2 86. Kxa2 Kxh3 87. Kb3
Kg3 0-1

[Event "FIDE Grand Swiss 2021"]
[Site "Riga"]
[Date "28.10.2021"]
[Round "2"]
[White "Sindarov, Javokhir"]
[Black "Cori, Jorge"]
[Result "1/2-1/2"]
[WhiteElo "2587"]
[BlackElo "2655"]
[EventDate "2021"]

1. e4 c6 2. Nc3 d5 3. Nf3 Bg4 4. h3 Bxf3 5. Qxf3 e6 6. Be2 Nd7 7. d4 dxe4
8. Nxe4 Ngf6 9. Nd2 Be7 10. O-O O-O 11. Rd1 a5 12. a4 Nb6 13. c3 Qd5 14.
Qd3 Rfd8 15. Nf3 Qe4 16. Qe3 c5 17. Bd3 Qxe3 18. fxe3 Nfd7 19. Bb5 f5 20.
Re1 Bf6 21. e4 fxe4 22. Rxe4 cxd4 23. Nxd4 Nc5 24. Re1 Bxd4+ 25. cxd4 Nb3
26. Rb1 Nxd4 27. Be3 Nxb5 28. Bxb6 Rd6 29. Bf2 Nd4 30. Bxd4 1/2-1/2

[Event "FIDE Grand Swiss 2021"]
[Site "Riga"]
[Date "28.10.2021"]
[Round "2"]
[White "Najer, Evgeniy"]
[Black "Jobava, Baadur"]
[Result "1-0"]
[WhiteElo "2654"]
[BlackElo "2582"]
[EventDate "2021"]

1. e4 e5 2. Nf3 Nc6 3. d4 exd4 4. Nxd4 Bb4+ 5. c3 Be7 6. Bc4 d6 7. Nxc6
bxc6 8. Qb3 Nf6 9. Bxf7+ Kf8 10. Be6 Nxe4 11. Bxc8 Qxc8 12. O-O Nc5 13. Qc2
Qg4 14. Be3 Ne6 15. Nd2 Re8 16. h3 Qg6 17. Qa4 c5 18. Qxa7 Kf7 19. Qb7 Qf5
20. g4 Qd3 21. Rad1 h5 22. Ne4 Nd8 23. Ng5+ Kg8 24. Qb3+ c4 25. Qa4 Qg6 26.
Qxc4+ Kf8 27. Qe4 Rh6 28. Rd5 hxg4 29. Qxg4 Bf6 30. Rf5 Nc6 31. Nf3 Ne7 32.
Rxf6+ Qxf6 33. Bxh6 gxh6 34. Re1 Rb8 35. Re4 Nd5 36. c4 h5 37. Qxh5 Nf4 38.
Rxf4 Qxf4 39. Qh8+ 1-0

[Event "FIDE Grand Swiss 2021"]
[Site "Riga"]
[Date "28.10.2021"]
[Round "2"]
[White "Goryachkina, Aleksandra"]
[Black "Oparin, Grigoriy"]
[Result "0-1"]
[WhiteElo "2602"]
[BlackElo "2654"]
[EventDate "2021"]

1. c4 Nf6 2. Nc3 c5 3. Nf3 e6 4. g3 b6 5. Bg2 Bb7 6. O-O Be7 7. Re1 d5 8.
cxd5 Nxd5 9. d4 cxd4 10. Qa4+ Nd7 11. Nxd5 Bxd5 12. Nxd4 O-O 13. Nc6 Nc5
14. Nxe7+ Qxe7 15. Qa3 Bxg2 16. Kxg2 e5 17. Be3 Qb7+ 18. Kg1 Ne6 19. Rac1
f5 20. Qb3 Rae8 21. Rc4 Kh8 22. f3 f4 23. Bf2 fxg3 24. hxg3 Ng5 25. Qe3 h6
26. Rh4 Kg8 27. Rf1 Rxf3 28. Qc1 Ref8 29. Qc4+ Kh8 30. Rh5 R3f6 31. Rh4 Qd7
0-1

[Event "FIDE Grand Swiss 2021"]
[Site "Riga"]
[Date "28.10.2021"]
[Round "2"]
[White "Sevian, Samuel"]
[Black "Bartel, Mateusz"]
[Result "1-0"]
[WhiteElo "2654"]
[BlackElo "2597"]
[EventDate "2021"]

1. c4 c6 2. Nc3 d5 3. d4 dxc4 4. e3 b5 5. a4 b4 6. Ne4 Qd5 7. Ng3 Nf6 8.
Be2 g6 9. h4 Ba6 10. h5 g5 11. Nf3 Nbd7 12. b3 c5 13. bxc4 Bxc4 14. e4 Bxe2
15. Qxe2 Qb7 16. Bxg5 Rg8 17. e5 Nd5 18. e6 fxe6 19. Qxe6 N5f6 20. Bxf6
Nxf6 21. dxc5 Qd5 22. Qa6 Qxc5 23. O-O Qb6 24. Qe2 Rxg3 25. a5 Qc5 26. Rfc1
Rxg2+ 27. Kxg2 Qxh5 28. Rc4 Rd8 29. Rxb4 Nd5 30. Rh4 Qf5 31. Qe4 Qxe4 32.
Rxe4 Bg7 33. Rh1 h6 34. Nh4 Rd6 35. Nf5 Rg6+ 36. Kf1 Bc3 37. Rh3 e6 38. Ne3
Ne7 39. Nc4 Nd5 40. Rd3 Kd7 41. Ne3 Kd6 42. f4 Rf6 43. f5 Rxf5+ 44. Nxf5+
exf5 45. Rc4 Bf6 46. Rc1 1-0

[Event "FIDE Grand Swiss 2021"]
[Site "Riga"]
[Date "28.10.2021"]
[Round "2"]
[White "Volokitin, Andrei"]
[Black "Van Foreest, Lucas"]
[Result "1/2-1/2"]
[WhiteElo "2652"]
[BlackElo "2543"]
[EventDate "2021"]

1. e4 e5 2. Nf3 Nf6 3. d4 Nxe4 4. Bd3 d5 5. Nxe5 Nd7 6. Nc3 Nxc3 7. bxc3
Nxe5 8. dxe5 Bc5 9. O-O O-O 10. Qh5 g6 11. Qh6 Re8 12. Bg5 Bf8 13. Bxd8
Bxh6 14. Bxc7 Bf5 15. Bxf5 gxf5 16. Rfd1 Rac8 17. Bd6 Rxc3 18. Rxd5 Rxc2
19. a4 Rec8 20. g3 Kg7 21. Ra3 Rd2 22. Rad3 Rxd3 23. Rxd3 Bg5 24. a5 Rd8
25. a6 bxa6 26. Ra3 Rd7 27. Rxa6 Bd8 28. Bc5 Rd5 29. Bxa7 Ra5 30. Rxa5 Bxa5
31. Bd4 Kg6 32. Kf1 Bb4 33. Ke2 Ba5 34. Ke3 h5 35. Bc5 Bc3 36. Kf4 Bd2+ 37.
Be3 Bb4 38. Bd4 Bd2+ 39. Kf3 Bb4 40. Ke3 Ba5 41. Kd3 Bb4 42. Kc4 Ba5 43.
Be3 Bc7 44. Kd5 Ba5 45. Bd4 Be1 46. h3 Ba5 47. Kc4 Be1 48. Kd3 Ba5 49. Ke3
Bb4 50. Bb6 Bc3 51. Kf4 Bd2+ 52. Be3 Bc3 53. Bc5 1/2-1/2

[Event "FIDE Grand Swiss 2021"]
[Site "Riga"]
[Date "28.10.2021"]
[Round "2"]
[White "Bjerre, Jonas Buhl"]
[Black "Demchenko, Anton"]
[Result "0-1"]
[WhiteElo "2569"]
[BlackElo "2651"]
[EventDate "2021"]

1. e4 e5 2. Nf3 Nc6 3. Bb5 a6 4. Ba4 Nf6 5. O-O d6 6. Re1 Bg4 7. c3 Nd7 8.
h3 Bxf3 9. Qxf3 g6 10. d4 Bg7 11. dxe5 Ncxe5 12. Qg3 Bf6 13. Nd2 h5 14. Nf3
h4 15. Qf4 c6 16. Qe3 Nxf3+ 17. Qxf3 Bg5 18. Qd1 Bxc1 19. Rxc1 Qf6 20. b4
Ne5 21. c4 g5 22. b5 axb5 23. cxb5 O-O 24. bxc6 bxc6 25. Bb3 Rab8 26. Qd2
Qf4 27. Qxf4 gxf4 28. Rc3 Kg7 29. g3 hxg3 30. fxg3 fxg3 31. Rf1 Rh8 32.
Rxg3+ Kf8 33. Rd1 Ke7 34. Rd4 Ra8 35. Rb4 Ra7 36. a4 Rh4 37. Bc2 d5 38.
Rgb3 dxe4 39. Bxe4 Kd6 40. Bc2 Rxa4 41. Rxh4 Rxh4 42. Kg2 Rc4 43. Bf5 Ke7
44. Rb2 c5 45. Kg3 Kf6 46. Bb1 Rc1 47. Kf4 Nc4 48. Rb8 Rf1+ 49. Kg3 Nd2 50.
Bc2 Rf3+ 51. Kg4 Rc3 52. Bh7 Rc4+ 53. Kg3 Nf1+ 54. Kf2 Rf4+ 55. Ke2 Ng3+
56. Ke3 Rh4 57. Bc2 Rxh3 58. Rc8 Nf5+ 59. Kd2 Nd4 60. Bd1 Rh2+ 61. Kd3 Rh1
62. Kd2 Ne6 63. Bg4 Ng5 64. Rc6+ Ke7 65. Bf5 Rh5 66. Bg4 Rh4 67. Bf5 Rd4+
68. Ke3 Rd5 69. Kf4 Ne6+ 70. Bxe6 fxe6 71. Ke4 Kd7 72. Ra6 Rd1 73. Rb6 Kc7
74. Ra6 Kb7 0-1

[Event "FIDE Grand Swiss 2021"]
[Site "Riga"]
[Date "28.10.2021"]
[Round "2"]
[White "Nguyen, Thai Dai Van"]
[Black "Donchenko, Alexander"]
[Result "0-1"]
[WhiteElo "2577"]
[BlackElo "2648"]
[EventDate "2021"]

1. d4 Nf6 2. c4 g6 3. Nc3 Bg7 4. e4 d6 5. Nf3 O-O 6. Be2 Na6 7. O-O e5 8.
Be3 Qe7 9. dxe5 dxe5 10. h3 c6 11. Qc2 Re8 12. Rfd1 Nh5 13. a3 Nf4 14. Bf1
Qf6 15. Ne1 Ne6 16. Nf3 Nf4 17. Ne1 Ne6 18. Nf3 h5 19. Qc1 Nac5 20. Qc2 Na6
21. Qc1 Nf4 22. Ne1 h4 23. Nd3 Bh6 24. c5 Nc7 25. Nxf4 exf4 26. Bd2 Ne6 27.
b4 Nd4 28. Rb1 g5 29. f3 Bg7 30. Na4 Be6 31. Bc3 Rad8 32. Qb2 Rd7 33. Rd2
Red8 34. Kh1 Qh6 35. Rbd1 Bb3 36. Qxb3 Nxb3 37. Rxd7 Rxd7 38. Rxd7 Qe6 39.
Rd8+ Kh7 40. Rd6 Qe7 41. Bc4 Bxc3 42. Nxc3 Qe5 43. Ne2 Qb2 44. Ng1 Nd2 45.
Be2 Kg7 46. Rd7 b5 47. cxb6 axb6 48. Rd6 Nb3 49. Bc4 Nd4 50. Rd7 b5 51.
Bxf7 Kf6 52. Be8 Nc2 53. Rd2 Qc1 54. Rd7 Ne3 55. Rf7+ Ke6 56. Rg7 g4 57.
Bd7+ Kf6 0-1

[Event "FIDE Grand Swiss 2021"]
[Site "Riga"]
[Date "28.10.2021"]
[Round "2"]
[White "Morovic Fernandez, Ivan"]
[Black "Abdusattorov, Nodirbek"]
[Result "1/2-1/2"]
[WhiteElo "2510"]
[BlackElo "2646"]
[EventDate "2021"]

1. e4 e5 2. Nf3 d6 3. d4 exd4 4. Qxd4 Nc6 5. Bb5 Bd7 6. Bxc6 Bxc6 7. Nc3
Nf6 8. Bg5 Be7 9. O-O-O h6 10. Bh4 O-O 11. Rhe1 Re8 12. Kb1 Nd7 13. Bxe7
Qxe7 14. Nd5 Qd8 15. Re3 a5 16. c4 a4 17. Nd2 Bxd5 18. cxd5 a3 19. b3 Nf6
20. Rc1 Qd7 21. Rec3 Qg4 22. Rg3 Qf4 23. Rxc7 Rac8 24. Rxc8 Rxc8 25. b4 h5
26. h3 h4 27. Rc3 Rxc3 28. Qxc3 Qxf2 29. Qc8+ Kh7 30. Qf5+ Qxf5 31. exf5
Nxd5 32. Ne4 Nxb4 33. Nxd6 Nd5 34. Kc2 Ne3+ 35. Kd3 Nxg2 36. Ke4 Ne1 37.
Nxb7 Kh6 38. Nd6 f6 39. Kf4 Kh5 40. Ke4 Nc2 41. Kf4 Nd4 42. Ke3 Nc6 43. Kf4
Ne5 44. Nb5 Nd3+ 45. Ke3 Nb4 46. Kf4 Nxa2 47. Nxa3 Nc3 48. Nc2 Nb5 49. Ne3
Nd4 50. Ke4 Ne2 51. Kf3 Nc1 52. Nc2 Nb3 53. Kf4 Nc5 54. Nd4 Nd3+ 55. Ke3
Nb4 56. Ne6 Nd5+ 57. Ke4 Nc3+ 58. Kf3 Nb5 59. Kf4 g5+ 60. Ke4 1/2-1/2

[Event "FIDE Grand Swiss 2021"]
[Site "Riga"]
[Date "28.10.2021"]
[Round "2"]
[White "Tari, Aryan"]
[Black "Gretarsson, Hjorvar Steinn"]
[Result "1-0"]
[WhiteElo "2646"]
[BlackElo "2577"]
[EventDate "2021"]

1. e4 c6 2. d4 d5 3. e5 Bf5 4. Nf3 e6 5. Be2 Nd7 6. O-O h6 7. a4 Ne7 8. a5
Rc8 9. Nbd2 g5 10. Nb3 Bg7 11. Ne1 b6 12. axb6 axb6 13. f4 gxf4 14. Bxf4 c5
15. Ba6 Rc7 16. Bb5 O-O 17. c3 cxd4 18. cxd4 Rc4 19. Rc1 Rb4 20. Bd3 b5 21.
Bd2 Rc4 22. Qh5 Bg6 23. Qh3 Kh7 24. Bxg6+ Nxg6 25. Nf3 Qb6 26. Kh1 Rxc1 27.
Rxc1 f6 28. Ba5 Qa6 29. Rc7 Rf7 30. exf6 Bxf6 31. Bd2 Kg8 32. Qxh6 Ngf8 33.
Qe3 Qa2 34. Bc1 Nb6 35. Rxf7 Kxf7 36. Qd3 Nc4 37. h4 Nd6 38. Kh2 Qa4 39.
Bf4 Qc4 40. Qd1 Ne4 41. Ne5+ Bxe5 42. Bxe5 Ke7 43. h5 Nd7 44. Qf3 Qc2 45.
h6 Nef6 46. Kh3 Qg6 47. Bf4 Ne4 48. Kh2 Ndf6 49. Na5 Ng5 50. Nc6+ Ke8 51.
Qe2 Qxh6+ 52. Kg1 Nfe4 53. Qxb5 Qg7 54. Qb8+ Kf7 55. Qc7+ Kg6 56. Qxg7+
Kxg7 57. b4 Nf7 58. b5 Ned6 59. Bxd6 Nxd6 60. b6 Kf6 61. Nd8 e5 62. dxe5+
Kxe5 63. b7 Nxb7 64. Nxb7 1-0

[Event "FIDE Grand Swiss 2021"]
[Site "Riga"]
[Date "28.10.2021"]
[Round "2"]
[White "Deac, Bogdan-Daniel"]
[Black "Miezis, Normunds"]
[Result "1/2-1/2"]
[WhiteElo "2643"]
[BlackElo "2467"]
[EventDate "2021"]

1. Nf3 c5 2. c4 Nc6 3. d4 cxd4 4. Nxd4 Nf6 5. Nc3 e6 6. g3 Bc5 7. Nb3 Bb4
8. Bg2 d5 9. cxd5 Nxd5 10. O-O Nxc3 11. Qxd8+ Nxd8 12. bxc3 Bxc3 13. Rb1 a5
14. Nc5 e5 15. Na4 Bb4 16. a3 Be7 17. Nb6 Rb8 18. Rb5 f6 19. Rd1 Bg4 20. f3
Be6 21. f4 Nc6 22. Bb2 Kf7 23. fxe5 Nxe5 24. Bxe5 fxe5 25. Rxe5 Rhd8 26.
Rf1+ Bf6 27. Rxa5 Ke7 28. Rb5 Rd2 29. Bf3 Ra2 30. a4 Rd8 31. Rc1 Kf8 32.
Kg2 Rdd2 33. h4 Bd4 34. Nd5 Rxa4 35. Rxb7 Rxe2+ 36. Kh1 Bxd5 37. Bxd5 Ra1
38. Rxa1 Bxa1 39. Rf7+ 1/2-1/2